Capitals of Indian Ocean's Coastal Countries - Statistics

General Stats
  • This quiz has been taken 38 times
  • The average score is 20 of 25
Answer Stats
% Correct
Pretoria, Cape Town, or Bloemfontein
100%
Nairobi
85%
Bangkok
82%
Cairo
82%
Dhaka
82%
Islamabad
82%
Khartoum
82%
Kuala Lumpur
82%
Maputo
82%
Mogadishu
82%
New Delhi
82%
Abu Dhabi
79%
Djibouti
79%
Doha
79%
Kuwait City
79%
Muscat
79%
Riyadh
79%
Sana'a
79%
Tehran
79%
Amman
76%
Baghdad
76%
Dodoma
76%
Jerusalem
76%
Naypyidaw
74%
Asmara
68%
No matching quizzes found
Score Distribution
Percent of People with Each Score
Percentile by Number Answered
Your Score History
You have not taken this quiz